| 000 | 00626nam a22002537a 4500 | ||
|---|---|---|---|
| 008 | 130514b xxu||||| |||| 00| 0 eng d | ||
| 020 | _a0521789648 | ||
| 024 | _cavailable | ||
| 037 | _cavailable | ||
| 082 |
_222 _a421.5 COB |
||
| 100 | _aO'Connor, J.D | ||
| 110 | _a | ||
| 245 | _aBetter English Pronunciation | ||
| 250 | _a | ||
| 260 |
_aLondon _bCambridge University Press _c2000 |
||
| 300 |
_a14.5 cm _b150 page _f2 _g14.5 cm |
||
| 600 | _aPhonology | ||
| 650 | _2 | ||
| 700 | _aO'Connor, J.D | ||
| 270 |
_aLondon _bLondon _dUK |
||
| 365 |
_b322.00 _d322.00 |
||
| 942 |
_2ddc _cBK |
||
| 999 |
_c390 _d390 |
||